Logo BPK

Biblioteka

Politechniki Koszalińskiej

III Forum Architektury Krajobrazu, Warszawa 4-5 grudzień 2000 = (Rekord nr 42799)

Szczegóły MARC
000 -ETYKIETA REKORDU
podpole kontrolne o stałej długości 01399nam a2200289 i 4500
001 - NUMER KONTROLNY REKORDU
pole kontrolne bg
020 ## - MIĘDZYNARODOWY ZNORMALIZOWANY NUMER KSIĄŻKI - ISBN
ISBN 8385548866
040 ## - ŹRÓDŁO KATALOGOWANIA
Instytucja, która utworzyła rekord BPK
041 1# - KOD JĘZYKA
Kod języka tekstu poleng
Kod języka oryginału eng
080 ## - UNIWERSALNA KLASYFIKACJA DZIESIĘTNA - UKD
UKD 712(061)
920 ## - Międzynarodowy znormalizowany numer książki – ISBN
ISBN 83-85548-86-6
008 - POLE O STAŁEJ DŁUGOŚCI - DANE KONTROLNE
podpole kontrolne o stałej długości s pl f |000 0 pol
111 2# - NAZWA IMPREZY
Nazwa imprezy Forum Architektury Krajobrazu
Oznaczenie części/sekcji/imprezy (3 ;
Data imprezy 2000 ;
Miejsce imprezy Warszawa).
245 04 - TYTUŁ/ODPOWIEDZIALNOŚĆ
Tytuł III Forum Architektury Krajobrazu, Warszawa 4-5 grudzień 2000 =
Ciąg dalszy tytułu III Forum of Landscape Architecture, Warsaw 4th-5th December 2000 : nowe idee i rozwój dziedziny, architektury krajobrazu w Polsce : materiały konferencyjne /
Pozostałe elementy strefy tytułu i oznaczenia odpowiedzialności pod red. Przemysława Wolskiego ; Zakład Studiów Krajobrazowych. Katedra Architektury Krajobrazu. Wydział Ogrodnictwa i Architektury Krajobrazu. Szkoła Główna Gospodarstwa Wiejskiego.
246 11 - WARIANT TYTUŁU
Tytuł Forum of Landscape Architecture, 3
260 ## - STREFA ADRESU WYDAWNICZEGO
Miejsce wydania Warszawa :
Nazwa wydawcy/dystrybutora Ośrodek Ochrony Zabytkowego Krajobrazu. Narodowa Instytucja Kultury,
Data publikacji, dystrybucji/powstania dokumentu 2000.
300 ## - STREFA OPISU FIZYCZNEGO
Objętość [60], 347 s. :
Inne cechy fizyczne il., mapy ;
Rozmiary 30 cm.
490 1# - STREFA SERII I DOKUMENTU WIELOCZĘŚCIOWEGO - FORMA NIE DO WYSZUKIWANIA
Tytuł i oznaczenie odpowiedzialności serii Studia i Materiały. Krajobrazy ;
Numeracja w obrębie serii 29(41)
500 ## - UWAGI OGÓLNE
Tekst uwagi Tekst częśc. ang.
504 ## - UWAGA DOTYCZĄCA BIBLIOGRAFII
Informacje o bibliografii Bibliogr. przy pracach.
650 #9 - HASŁO PRZEDMIOTOWE W FORMIE NAZWY OGÓLNEJ LUB JEDNOSTKOWEJ
Nazwa ogólna lub geograficzna Architektura krajobrazu
655 ## - TERMIN INDEKSOWY - OKREŚLENIE RODZAJU/FORMY DOKUMENTU
Określenie rodzaju/formy dokumentu Materiały konferencyjne
700 1# - HASŁO DODATKOWE - NAZWA OSOBOWA
Nazwa osobowa WOLSKI, Przemysław.
Określenie związku między hasłem a opisywanym materiałem Red.
710 #0 - HASŁO DODATKOWE - NAZWA CIAŁA ZBIOROWEGO
Nazwa ciała zbiorowego lub jednostki geograficznej Szkoła Główna Gospodarstwa Wiejskiego
Nazwa jednostki podrzędnej Wydział Ogrodnictwa i Architektury Krajobrazu
830 ## - HASŁO DODATKOWE SERII LUB DOKUMENTU WIELOCZĘŚCIOWEGO - TYTUŁ UJEDNOLICONY
Tytuł ujednolicony Studia i Materiały. Krajobrazy ;
856 ## - LOKALIZACJA I DOSTĘP DO ELEKTRONICZNYCH DOKUMENTÓW ZDALNYCH
Link (URL) http://koha.tu.koszalin.pl/cgi-bin/koha/opac-detail.pl?biblionumber=42799
Tekst linku Katalog online BPK
942 ## - DODATKOWE ELEMENTY (KOHA)
Typ dokumentu Książka
Egzemplarze
Wycofany Status egzemplarza Uszkodzony Dostępność Lokalizacja stała Lokalizacja bieżąca Miejsce przechowywania Sygnatura Kod kreskowy Typ dokumentu
      Dostępny Biblioteka Politechniki Koszalińskiej Biblioteka Politechniki Koszalińskiej Wypożyczalnia BG 67462 01914658 Książka
© 2023 Biblioteka Politechniki Koszalińskiej :: KOHA